000 00437nam a2200157 4500
001 126850
003 ES-MaACL
005 20230906192908.0
007 t|
008 070214s1977 sp r ||||1| spa d
100 1 _aRey, Alfonso.
_996485
245 1 0 _aConstrucción y sentido de tiempo de silencio /
_cAlfonso Rey.
260 _aMadrid :
_bJosé Porrúa,
_c1977.
300 _a263 p. ;
_c22 cm.
852 _aES-MaACL
_jA-8423
_bR.97178
999 _c126850
_d126850